An autobiography / (Record no. 174377)

000 -LEADER
fixed length control field 00872cam a2200289 i 4500
001 - CONTROL NUMBER
control field 2269050
003 - CONTROL NUMBER IDENTIFIER
control field Nust
005 - DATE AND TIME OF LATEST TRANSACTION
control field 20180726055454.0
008 - FIXED-LENGTH DATA ELEMENTS--GENERAL INFORMATION
fixed length control field 780419s1977 enkacf 001 0aeng
010 ## - LIBRARY OF CONGRESS CONTROL NUMBER
LC control number 78303391
015 ## - NATIONAL BIBLIOGRAPHY NUMBER
National bibliography number GB77-32936
020 ## - INTERNATIONAL STANDARD BOOK NUMBER
International Standard Book Number 9780006353287
Terms of availability Rs. 200
038 ## - RECORD CONTENT LICENSOR
Staff Name Arshad
040 ## - CATALOGING SOURCE
Original cataloging agency DLC
Transcribing agency DLC
Modifying agency DLC
050 00 - LIBRARY OF CONGRESS CALL NUMBER
Classification number PR6005.H66
Item number Z512 1977b
082 00 - DEWEY DECIMAL CLASSIFICATION NUMBER
Classification number 823.912
Author Mark CHR
100 1# - MAIN ENTRY--PERSONAL NAME
Personal name Christie, Agatha,
Dates associated with a name 1890-1976.
9 (RLIN) 2976
245 13 - TITLE STATEMENT
Title An autobiography /
Statement of responsibility, etc. [by] Agatha Christie.
260 ## - PUBLICATION, DISTRIBUTION, ETC.
Place of publication, distribution, etc. London :
Name of publisher, distributor, etc. Collins,
Date of publication, distribution, etc. 1977.
300 ## - PHYSICAL DESCRIPTION
Extent 559 p.
Dimensions 23 cm.
500 ## - GENERAL NOTE
General note Includes index.
600 10 - SUBJECT ADDED ENTRY--PERSONAL NAME
Personal name Christie, Agatha,
Dates associated with a name 1890-1976.
9 (RLIN) 2976
650 #0 - SUBJECT ADDED ENTRY--TOPICAL TERM
Topical term or geographic name entry element Authors, English
Chronological subdivision 20th century
General subdivision Biography.
9 (RLIN) 11996
650 #0 - SUBJECT ADDED ENTRY--TOPICAL TERM
Topical term or geographic name entry element Detective and mystery stories
General subdivision Authorship.
9 (RLIN) 11997
906 ## - LOCAL DATA ELEMENT F, LDF (RLIN)
a 7
b cbc
c orignew
d 3
e ncip
f 19
g y-gencatlg
942 ## - ADDED ENTRY ELEMENTS (KOHA)
Source of classification or shelving scheme
Koha item type Book
Holdings
Withdrawn status Lost status Source of classification or shelving scheme Damaged status Not for loan Collection code Permanent Location Current Location Shelving location Date acquired Total Checkouts Full call number Barcode Date last seen Date last checked out Copy number Price effective from Koha item type
            Central Library (CL) Central Library (CL) Fiction 01/25/2017 1 823.912 CHR CL1320 11/15/2018 11/15/2018 1 01/25/2017 Book
© 2023 Central Library, National University of Sciences and Technology. All Rights Reserved.